000 02590cab a2200337 ab4500
005 20240910105640.0
008 991125c2017 cr tr p o 000 0 spa d
035 _aUPN01000227196
040 _aMX-MxUPN
_bspa
_cMX-MxUPN
_eaacr2
049 _aART-E
100 1 _aViciana Garófano, Virginia
_6- vviciana@ugr.es
100 1 _aZurita Ortega, Félix
100 1 _aCastro Sánchez, Manuel
100 1 _aMartínez Martínez, Asunción
100 1 _aChacón Cuberos, Ramón
100 1 _aEspejo Garcés, Tamara
245 1 0 _aMetas de logro y niveles de satisfacción hacia el grado de docente en infantil y primaria
_h[recurso electrónico en línea]
506 0 _aAcceso abierto
520 3 _aLa presente investigación tiene como objetivo principal conocer el nivel de satisfacción y de metas de logro del estudiantado matriculado en el séptimo semestre del grado de docente en infantil y primaria. El presente estudio empírico relaciona aspectos de género, especialidad, satisfacción del alumnado hacia el grado y metas de logro de estos sobre un total de 293 participantes de último curso de grado, procedentes de dos centros universitarios ubicados en la ciudad de Granada (España), la Facultad de Ciencias de la Educación-FCCE (pública) y La Inmaculada-Escuela Universitaria (privada). Se utilizó un diseño de carácter cuantitativo descriptivo y de tipo transversal, donde se desarrolló un estudio relacional para analizar el grado de dependencia entre las metas de logro, el grado de satisfacción, el género y la titulación de los sujetos. Los principales resultados obtenidos en este estudio indican que el estudiantado matriculado en el séptimo semestre del grado analizado se encuentra satisfecho con su titulación, destaca la realización y desempeño de trabajos en equipo y la calidad del personal docente, la atención que les prestan y la puntualidad y escaso absentismo hacia las clases. Los varones buscan más el rendimiento, la competitividad y la consecución de resultados; frente a féminas, que buscan la aproximación a la tarea, realizándola con la mayor competencia. Educare
541 _aAcceso gratuito
653 0 _aSatisfacción docente
653 0 _aLogro académico
653 0 _aMotivación docente
653 0 _aMetas
773 _gVol. 21, no. 3 (2017), p. 1-16
_tRevista electrónica educare
_x1607-4041
856 4 _uhttps://www.revistas.una.ac.cr/index.php/EDUCARE/article/view/8185
856 4 _uhttps://doi.org/10.15359/ree.21-3.18
902 _aLeonor Sotres/100924
905 _aArticulo
942 _cART-E
999 _c199292
_d199292